书目信息 |
| 题名: |
钢筋工
|
|
| 作者: | 廖克斌 , 任世贤 编 | |
| 分册: | 初级 | |
| 出版信息: | 北京 机械工业出版社 2014.11 |
|
| 页数: | XIV, 213页 | |
| 开本: | 24cm | |
| 丛书名: | ||
| 单 册: | ||
| 中图分类: | TU755.3 | |
| 科图分类: | ||
| 主题词: | 配筋工程--pei jin gong cheng--工程施工--职业教育--教材 | |
| 电子资源: | ||
| ISBN: | 978-7-111-47352-7 | |
| 000 | 00988nam 2200289 450 | |
| 001 | CAL 0120141442119 | |
| 005 | 20150811155535.46 | |
| 010 | @a978-7-111-47352-7@dCNY29.80 | |
| 100 | @a20141201d2014 em y0chiy50 ea | |
| 101 | 0 | @achi |
| 102 | @aCN@b110000 | |
| 105 | @aak a 000yy | |
| 106 | @ar | |
| 200 | 1 | @a钢筋工@Agang jin gong@i初级@f廖克斌, 任世贤编 |
| 205 | @a第2版 | |
| 210 | @a北京@c机械工业出版社@d2014.11 | |
| 215 | @aXIV, 213页@c图@d24cm | |
| 300 | @a国家职业资格培训教材 技能型人才培训用书 依据最新《国家职业标准》编写 | |
| 320 | @a有书目 (第213页) | |
| 330 | @a本书主要内容包括: 建筑力学和钢筋混凝土结构常识, 识图基本知识, 钢筋常识和钢筋施工常用机具, 钢筋加工, 钢筋绑扎和安装, 检查与整理等。 | |
| 586 | @a | |
| 606 | 0 | @a配筋工程@Apei jin gong cheng@x工程施工@x职业教育@j教材 |
| 690 | @aTU755.3@v5 | |
| 701 | 0 | @a廖克斌@Aliao ke bin@4编 |
| 701 | 0 | @a任世贤@Aren shi xian@4编 |
| 801 | 0 | @aCN@c20150820 |
| 905 | @a河南城建学院图书馆@dTU755.3@eL469@f3 | |
| 钢筋工.初级/廖克斌, 任世贤编.-第2版.-北京:机械工业出版社,2014.11 |
| XIV, 213页:图;24cm |
| 国家职业资格培训教材 技能型人才培训用书 依据最新《国家职业标准》编写 |
| ISBN 978-7-111-47352-7:CNY29.80 |
| 本书主要内容包括: 建筑力学和钢筋混凝土结构常识, 识图基本知识, 钢筋常识和钢筋施工常用机具, 钢筋加工, 钢筋绑扎和安装, 检查与整理等。 |
| ● |
| 相关链接 |
|
|
|
正题名:钢筋工
索取号:TU755.3/L469
 
预约/预借
| 序号 | 登录号 | 条形码 | 馆藏地/架位号 | 状态 | 备注 |
| 1 | 1163380 | 211633801 | 建筑库201/201建筑库 42排7列1层/ [索取号:TU755.3/L469] | 在馆 | |
| 2 | 1163381 | 211633810 | 建筑库201/201建筑库 42排7列1层/ [索取号:TU755.3/L469] | 在馆 | |
| 3 | 1163382 | 211633829 | 建筑库201/201建筑库 42排7列1层/ [索取号:TU755.3/L469] | 在馆 |